Tragedi tahun baru

Bibliographic Details
Main Author: Julia Unggai
Format: Book
Published: Kuala Lumpur : Dewan Bahasa Dan Pustaka , 1994
Subjects:

MARC

LEADER 00000cam a2200000 7i4500
001 0000006847
002 000007376
005 20000330.0
020 |a 9836241469 
090 0 0 |a JF   |b JUL 
100 0 |a Julia Unggai 
245 1 0 |a Tragedi tahun baru   |c Julia Unggai 
260 |a Kuala Lumpur :   |b Dewan Bahasa Dan Pustaka ,   |c 1994 
300 |a 124p. ;   |c 19cm. 
650 0 0 |a Children's stories, Malay 
999 |a 051400   |b BUKU   |c PINJAMAN   |e PERPUSTAKAAN KOMUNITI PETALING JAYA